| 000 | 00000nam##2200000za#4500 |
| 001 | 9.695313 |
| 003 | CaOODSP |
| 005 | 20240209132437 |
| 007 | cr ||||||||||| |
| 008 | 150407|1997||||xxc|||||o f|0| 0 eng|d |
| 040 | |aCaOODSP|beng |
| 043 | |an-cn--- |
| 086 | 1 |aC89-42/1997-1E-PDF |
| 110 | 2 |aAtlantic Canada Opportunities Agency. |
| 245 | 10|aProspects for growing knowledge-based industrial clusters in Atlantic Canada. Part 1, : |h[electronic resource]|bConcepts, analysis and recommendations / |cprepared by Nordicity Group Ltd., Syntel Consulting Inc. and Horizon Consulting Ltd. |
| 260 | |bAtlantic Canada Opportunities Agency |cJuly 31, 1997. |
| 300 | |a62p.|bfigs., graph, references, tables |
| 500 | |aFor Part 2, please see the document with catalogue number C89-42/1997-2E-PDF. |
| 590 | |a11-30-Supp|b2011-12-02 |
| 690 | 07|aInformation technology|2gcpds |
| 710 | 2 |aHorizon Consulting. |
| 710 | 2 |aNordicity Group. |
| 710 | 2 |aSyntel Consulting. |
| 775 | 08|tPerspectives de croissance des grappes industrielles basées sur la connaissance au Canada atlantique. Première partie, : |w(CaOODSP)9.639459 |
| 856 | 40|ahttp://publications.gc.ca|qPDF|s296 KB|uhttps://publications.gc.ca/collections/Collection/C89-42-1997-1E.pdf |